Manual Merck de Veterinaria (Registo nº 202842)
[ vista simples ]
| 000 -Etiqueta do registo | |
|---|---|
| Valores | 00750nam 22002053 4500 |
| 010 ## - Número ISBN | |
| ISBN | obra completa: 978-84-7841-079-8 |
| 021 ## - Número do Depósito Legal | |
| Número | B-47155-L |
| 100 ## - Dados gerais de processamento | |
| Dados gerais | 20260702d u||y0pory50 ba |
| 200 ## - Titulo e menção de responsabilidade | |
| Título próprio | Manual Merck de Veterinaria |
| Primeira menção de responsabilidade | Editor: Cynthia M. Kahn, B.A., M.A. |
| 205 ## - Menção da edição | |
| Edição | 6ª |
| 210 ## - Publicação | |
| Local de publicação | Barcelona |
| Nome do editor | Editorial Ocenao/ Centrum |
| Data de publicação | 2007 |
| 215 ## - Descrição física | |
| Paginação / Volumes | 2 vols (2682 p.) |
| Outras indicações físicas | encadernado |
| Dimensões | 26 cm |
| 300 ## - Notas gerais | |
| Texto da nota | Edição especial do 50º aniversário |
| 606 ## - Nome comum usado como assunto | |
| ID Autoridade | 10373 |
| Palavra de ordem | Veterinária. Doenças inimigas e pragas de animais domésticos e úteis: controlo e tratamento. Medidas zootécnicas de protecção |
| Subdivisão assunto | Zoologia |
| 675 ## - CDU | |
| Notação | 636.09 |
| Edição | ES |
| Língua | spa |
| 801 ## - Fonte de origem | |
| País | PT |
| Agência | BMMN |
| Regras de catalogação | RPC |
| 830 ## - Notas gerais do catalogador | |
| Criado por | Fernando |
| Indexado por | Fernando |
| 990 ## - Elementos KOHA | |
| Tipo de documento | Livro |
| Situação do levantamento | Biblioteca de origem | Código de barras | Cota | Permissão de empréstimo | Tipo de documento | Forma de aquisição |
|---|---|---|---|---|---|---|
| Biblioteca Municipal de Montemor-o-Novo | 32364 | 636.09 MAN|DEP (vol. 1) | Livro | Oferta | ||
| Biblioteca Municipal de Montemor-o-Novo | 32365 | 636.09 MAN|DEP (vol. 2 | Livro | Oferta |